| 000 | 01049cam a2200217 4500 | ||
|---|---|---|---|
| 001 | W159885 | ||
| 008 | 031114n2018 000 0 eng u | ||
| 035 | _a(Sirsi) u159885 | ||
| 041 | _aeng | ||
| 050 |
_a306.82 _c18 |
||
| 110 |
_aMinistry of Housing, Communities and Local Government _96195 |
||
| 245 |
_aHomelessness statistics _h[electronic resource] |
||
| 520 | _aContains statistics on statutory homelessness, rough sleeping and homelessness prevention and relief. As of the release of 30 June 2016, statutory homelessness and prevention and relief statistics have been combined into a single statistical release. Contains Live tables on homlessness and Families in bed and breakfast accommodation for more than 6 weeks. | ||
| 650 | _aHOUSING STATISTICS | ||
| 650 | _aHOMELESSNESS | ||
| 650 | _aTEMPORARY ACCOMMODATION | ||
| 651 | 4 | _aENGLAND AND WALES | |
| 690 |
_aAffordable housing _96215 |
||
| 856 | 4 | 0 |
_uhttps://www.gov.uk/government/collections/homelessness-statistics _zView the homelessness statistics at www.gov.uk |
| 942 | _n0 | ||
| 999 |
_c121053 _d121053 |
||